| 000 | 00935 a2200289 4500 | ||
|---|---|---|---|
| 001 | 72202 | ||
| 111 | 2 |
_948160 _aMinsk International Seminar _n(VII: _d2008 : _cMinsk) |
|
| 999 |
_c72202 _d20529 |
||
| 003 | TR-AnTOB | ||
| 005 | 20190322122545.0 | ||
| 008 | 081026s2008 bw eng | ||
| 020 | _a9789856456629 | ||
| 040 | _aTR-AnTOB | ||
| 041 | _aeng | ||
| 050 |
_aTJ264. _bM56 2008 |
||
| 090 | _aTJ264. M56 2008 | ||
| 245 | 0 |
_aHeat pipes, heat pumps, refrigerators, power sources : _bproceedings of the VII Minsk international seminar held in Minsk, Belarus, 8-11 September 2008. |
|
| 246 | _aJubilee conference VII Minsk international seminar. | ||
| 264 | 1 |
_aMinsk, _b, _c2008. |
|
| 300 |
_a514 s.; _c29 cm. |
||
| 590 | _aProf. Dr. Sadık Kakaç tarafından bağışlanmıştır. | ||
| 650 |
_aIsı boruları _vKongreler _948162 |
||
| 650 |
_aHeat pipes _vCongresses _948161 |
||
| 902 | _a0025946 | ||
| 903 | _aMerkez Kütüphane | ||
| 945 | _aCS | ||
| 942 | _cBK | ||